US State Flower Quiz - Statistics

General Stats
  • This quiz has been taken 120 times
  • The average score is 22 of 50
Answers on the Map
Answers color-coded by a green-red scale on the quiz's map according to % correct below.
 
Answer Stats
State Flower % Correct
Oklahoma Oklahoma Rose
88%
New York Rose
85%
California California Poppy
76%
Illinois Violet
73%
New Jersey Violet
73%
Rhode Island Violet
73%
Louisiana Magnolia
68%
Mississippi Magnolia
68%
Kansas Sunflower
68%
Alaska Forget-me-not
66%
Arkansas Apple Blossom
63%
Michigan Apple Blossom
63%
Indiana Peony
61%
Maryland Black-eyed Susan
59%
Hawaii Hawaiian Hibiscus
56%
Florida Orange Blossom
56%
Delaware Peach Blossom
51%
Tennessee Iris
49%
Texas Bluebonnet
46%
Alabama Camellia
46%
Kentucky Goldenrod
46%
Nebraska Goldenrod
46%
Oregon Oregon Grape
46%
West Virginia Rhododendron
46%
Nevada Sagebrush
46%
New Hampshire Purple Lilac
44%
New Mexico Yucca Flower
44%
Wyoming Indian Paintbrush
41%
South Carolina Yellow Jessamine
37%
Massachusetts Mayflower
34%
Montana Bitterroot
32%
Missouri Hawthorn
32%
Vermont Red Clover
32%
Arizona Saguaro Cactus Blossom
32%
Georgia (state floral emblem) Cherokee Rose
29%
Connecticut Mountain Laurel
27%
Pennsylvania Mountain Laurel
27%
Utah Sego Lily
27%
Maine White Pine Cone
27%
Iowa Wild Rose
27%
Minnesota Lady's Slipper
24%
Virginia American Dogwood
22%
Idaho Mock Orange
20%
Wisconsin Wood Violet
20%
North Carolina Flowering Dogwood
17%
South Dakota Pasque Flower
15%
North Dakota Wild Prairie Rose
12%
Washington Pacific Rhododendron
10%
Ohio Scarlet Carnation
10%
Colorado Colorado Blue Columbine
7%
No matching quizzes found
Score Distribution
Percent of People with Each Score
Percentile by Number Answered
Your Score History
You have not taken this quiz